| 000 | 00892cam a22002291i 4500 | ||
|---|---|---|---|
| 003 | OSt | ||
| 005 | 20260221124626.0 | ||
| 008 | 260218s1953 su g 000r0 ara c | ||
| 040 |
_aSA-MaUQU _bara _cSA-RiAUC _erda |
||
| 082 | 0 | 4 |
_a252.5 _qSA-RiAUC |
| 090 |
_aم ن 252.5 _bا ب ن ا |
||
| 100 | 1 |
_aابن أحمد، صالح _eمؤلف. |
|
| 245 | 1 | 0 |
_aإسعاف الحجاج بمناسك سيد العباد صلى الله عليه وسلم / _cصالح بن أحمد. |
| 264 | 1 |
_aالمدينة المنورة : _bنور إدريس : _bأحمد إدريس، _c[1953] |
|
| 300 |
_a155 صفحة ؛ _c29 سم |
||
| 336 |
_aنص _btxt _2rdacontent _3كتاب |
||
| 337 |
_aبدون وسيط _bn _2rdamedia |
||
| 338 |
_aمجلد _bnc _2rdacarrier |
||
| 650 | 7 |
_aالحج (فقه إسلامي) _xمناسك _2aucsh |
|
| 942 |
_2ddc _cRBOOK COPY _n0 |
||
| 949 |
_aSA-JeALM _d260218 _umohamedma123 _n1 |
||
| 999 |
_c14438 _d14438 |
||